000 01667nam a2200277Ia 4500
999 _c50467
_d50467
001 17414
003 GE_BSU
005 20221110150906.0
008 181216sge ||||xx |||||||||||||| ||geo||
020 _a9789941132582
040 _cGE_BSU
041 _ageo
080 _a94(479.22)+341 ა-48
100 _aალექსიძე, ლევან.
_9163
245 _aსაერთაშორისო სამართალი და საქართველო = International law and Georgia : (ანტიკური ხანიდან დღემდე) : 1957-2012 წლებში გამოქვეყნებული რჩეული ნაშრომები :
_b[კრ.] 1 : ისტორია, კონცეფციები, პოლემიკა. /
_cლევან ალექსიძე ; რედ. ქეთევან ხუციშვილი
250 _aივ. ჯავახიშვილის სახ. თსუ.
264 _aთბილისი :
_bთბილ. უნ-ტის გამ-ბა,
_c2012.
300 _a852 გვ.:
_c24 სმ.
504 _aბიბლიოგრ. ტექსტ. შენიშვნ
546 _aნაშრომები ქართ., რუს. და ინგლ..
653 _aისტორია
653 _aსაქართველოს უახლესი ისტორია საერთაშორისო სამართალი
653 _aსამართალი
700 _aხუციშვილი, ქეთევან
_eრედაქტორი
_95752
942 _cBK
_2udc